000 00296nam a2200121Ia 4500
008 190216s9999||||xx |||||||||||||| ||und||
100 _aManju Mishra
245 0 _aHindi-Aadhivasi Samaj Our Samskrithi
260 _bChadurvedi Publication
_c2010
300 _a185
650 _aHindi
942 _cBK
999 _c16819
_d16819